[Event "Napoli Province-ch"]
[Site "Napoli"]
[Date "2014.01.23"]
[Round "6"]
[White "Esposito, Rosario"]
[Black "Di Pascale, Raffaele"]
[Result "1-0"]
[WhiteElo "1825"]
[BlackElo "1443"]
[PlyCount "55"]
[EventDate "2013.12.05"]
[EventType "swiss"]
[EventRounds "7"]
[EventCountry "ITA"]
[SourceTitle "EXT 2015"]
[Source "ChessBase"]
[SourceDate "2014.11.20"]
[SourceVersion "1"]
[SourceVersionDate "2014.11.20"]
[SourceQuality "1"]

1. d4 d5 2. c4 c6 3. Nf3 Nf6 4. Nc3 e6 5. Bg5 Be7 6. e3 Nbd7 7. Qc2 0-0 8. cxd5 exd5 9. Bd3 h6 10. Bh4 Re8 11. 0-0 Bd6 12. e4 dxe4 13. Nxe4 Be7 14. Nc3 Nd5 15. Nxd5 Bxh4 16. Nxh4 cxd5 17. Rae1 Nf6 18. Nf3 Bd7 19. Qb3 Qa5 20. Rxe8+ Rxe8 21. Qxb7 Qxa2 22. Ne5 Be6 23. Qb5 Kf8 24. Bb1 Qa1 25. Bc2 Qa2 26. Bb1 Qa1 27. Qb4+ Re7 28. Nc6 1-0